000 01614caa a22003131ic4500
003 SA-RiAUC
005 20250722071722.0
008 250516s1995 xx ab g bd 00110 ara c
020 _a9960273431 (مجموعة)
020 _a996027344X (مجلد 3)
040 _aSA-JeALM
_bara
_cSA-RiAUC.
_erda
043 _aa-su---
050 4 _bS53 1995
082 0 4 _a915.31103
_qSA-RiAUC
090 _a915.31103
_b ش ا ي
100 1 _aالشايع، عبد الله بن محمد،
_d1355 هجري-
_eمؤلف.
245 1 0 _aنظرات في معاجم البلدان :
_bتحقيق مواضع في نجد على طريق الحج البصري /
_cعبد الله بن محمد الشايع.
300 _aمجلدات :
_bخرائط، مصور ؛
_c25 سم
336 _aنص
_btxt
_2rdacontent
_3عمل تحليلي
337 _aبدون وسيط
_bn
_2rdamedia
338 _aمجلد
_bnc
_2rdacarrier
500 _aيشتمل على كشاف.
504 _aيشتمل على إرجاعات ببليوجرافية.
580 _aفي : نظرات في معاجم البلدان : تحقيق مواضع في نجد على طريق الحج البصري. -الطبعة الأولى. -[مكان النشر غير محدد] : عبد الله بن محمد الشايع، 1995 ([مكان الطبع غير محدد] : مرامر للطباعة الإلكترونية). -مجلد 3.
651 7 _aنجد (السعودية)
_vمعاجم جغرافية
_2aucsh
651 7 _aنجد (السعودية)
_xوصف ورحلات
_2aucsh
942 _2ddc
_cBOOK
_n0
949 _aSA-JeALM
_d250516
_umohamedma123
_n1
999 _c8079
_d8079